000 00657nam a2200205Ia 4500
003 GCL
008 140319s9999 xx 000 0 ara d
040 _aGCL /
_cGCL
082 0 4 _a608.7
_bم س
100 1 _aباساتشوف، نعومى
245 1 0 _aمارى كورى وعلم الاشعة /
_cباساتشوف، نعومى
260 _aالرياض :
_bمكتبة العبيكان ،
_c2004
300 _a152 ص ؛
_c24 سم
490 _aسلسلة عباقرة العلماء
_v0
650 0 4 _aالاشعة
650 0 4 _aالعلماء - تراجم
650 0 4 _aالفيزياء - تراجم
650 0 4 _aمارى كورى
942 _2ddc
_cBK
999 _c7142
_d7142